Music Quiz

Random Music or Artist Quiz

Most Appearances on NOW! (US) Quiz Stats

Quiz Updated Nov 17, 2016

Challenge
Share
Tweet
Embed
Score 0/38 Timer 10:00
3 Plays Today
Appearances Artist % Correct
15Britney Spears
73.9%
6Beyoncé
69.7%
6'N Sync
62.2%
11Backstreet Boys
61.3%
7Justin Timberlake
57.3%
12Rihanna
53.6%
7Lady Gaga
47.1%
9Katy Perry
46.1%
7Taylor Swift
43.5%
6Usher
42.1%
8Destiny's Child
40.4%
5Janet Jackson
37.3%
9Kelly Clarkson
35.6%
5Maroon 5
34.8%
7P!nk
34.1%
11Black Eyed Peas
33.2%
11Chris Brown
28.9%
7Nelly
25.3%
9Jennifer Lopez
23%
Appearances Artist % Correct
6Ke$ha
22.8%
5R. Kelly
21.1%
6Coldplay
20.8%
10Nickelback
20.7%
5U2
20.6%
5Fergie
18%
6Jessica Simpson
18%
6Shakira
14.9%
6Pitbull
13.8%
5Blink-182
13.6%
63 Doors Down
6.7%
7Daughtry
6.7%
9Keith Urban
6.6%
6David Guetta
6.2%
5Lifehouse
4.4%
5Aaliyah
4.2%
8Lenny Kravitz
3.4%
5Bow Wow
2.6%
5Chingy
2.3%

You're not logged in!

Compare scores with friends on all Sporcle quizzes.
Sign Up with Email
OR
Log In

You Might Also Like...

Show Comments

Extras

Top Quizzes Today


Score Distribution

Your Account Isn't Verified!

In order to create a playlist on Sporcle, you need to verify the email address you used during registration. Go to your Sporcle Settings to finish the process.